Tục ngữ dân ca Mường Thanh Hóa

محفوظ في:
التفاصيل البيبلوغرافية
التنسيق: Sách giấy
اللغة:Vietnamese
الوسوم: إضافة وسم
لا توجد وسوم, كن أول من يضع وسما على هذه التسجيلة!
Thư viện lưu trữ: Thư viện Trường Đại học Đà Lạt
LEADER 00465nam a2200217 4500
001 DLU020014043
005 ##6/25/2000
020 # # |a 978- 
041 # # |a vie 
082 # # |a 398.209 597  |b Tuc 
245 # # |a Tục ngữ dân ca Mường Thanh Hóa 
300 # # |a 608 tr.;   |c 20 cm. 
992 # # |a 60000 
994 # # |a DLU 
900 # # |a False 
911 # # |a Administrator 
925 # # |a G 
926 # # |a A 
927 # # |a SH 
980 # # |a Thư viện Trường Đại học Đà Lạt